Modern Talking - Ready for Romance - Statistics

General Stats
  • This quiz has been taken 17 times
  • The average score is 8 of 10
Answer Stats
Lyrics Song % Correct
Dear, love is a burning fire Stay, 'cause then the flames grow higher Babe, don't let him steel your heart It's easy, easy Brother Louie
100%
Lady, I know it was hard But it's much harder to ignore There's a chance and I'll promise I won't hurt you anymore Atlantis is calling (S.O.S. for love)
93%
Every little moment, she dreams her dreams Half a million miles of love come true How can you mend all the heartaches you've made? What is easy for two is so hard for one What is going to happen when the summer's gone? Angie's heart
86%
Babe, how can you mend a broken heart Oh, you're tearing me apart Thousand drums play in my mind Doctor for my heart
86%
I'm tired of be alone Oh girl, it's easier said than done I know, I know That this world is a show Oh, you wasted days and nights Give me the chance for paradise Hey you
86%
Good guys only win in the movies Evil women telling stories There will never be another you, it's true Down and out in Paris city All the things are tough and pretty Just we two (Mona Lisa)
79%
Hey, you're like the butterfly Oh stay, oh, give my love a try Tonight I'm fallin' in love, in love Lady lai
79%
Your feelings are tossing and turning You have to love to pay the right price Your lonely heart keeps on burning But an angel will hear many lies Only love can break my heart
79%
Stay with me tonight A heart will fall in love, that's right Oh, I never can lose I can never lose this old game It's the same Forever and ever again Save me - don't break me
79%
Bitter sweet love has no pride Try again, time is on your side Oh, strange are the ways of love Come on and take my heart It's breaking just apart Keep love alive
57%
No matching quizzes found
Score Distribution
Percent of People with Each Score
Percentile by Number Answered
Your Score History
You have not taken this quiz